{"text_format":"3","workbook":"xlsx","n_sheets":1,"sheets":["Hoja1"],"read":"whole","date_system":"1900"}

{"sheet":"Hoja1","index":0,"n_rows":73,"n_cols":5,"rows_kept":73,"merged":[[2,0,2,4]]}
[]
[null,"SERVICIO NACIONAL DE SALUD"]
["Informe Mensual de Despensa"]
["   HOSPITAL MUNICIPAL FANTINO REGION __VIII"]
["AREA DE SALUD                                         AL 30  DE JUNIO   AÑO  2026                                   "]
["ARTICULO","UNIDAD","EXISTENCIA FINAL","VALOR UNITARIO","VALOR TOTAL (6x7)"]
["-1-",-2,"-5-","-7-","-8-"]
["ARROZ","LIBRAS",30,{"v":34.4,"d":"34.40"},{"$f":"C8*D8","v":{"v":1032,"d":"1,032.00"}}]
["ACEITE  CRISOL","GALON",2,{"v":600,"d":"600.00"},{"$f":"C9*D9","v":{"v":1200,"d":"1,200.00"}}]
["AGUA EN GARRAFONES","BOTELLONES",4,{"v":55,"d":"55.00"},{"v":220,"d":"220.00"}]
["AJO","LIBRAS",3,{"v":180,"d":"180.00"},{"v":540,"d":"540.00"}]
["ANIZ","LIBRAS",2,{"v":190,"d":"190.00"},{"v":380,"d":"380.00"}]
["AVENA ENTERA","FUNDAS",6,{"v":90,"d":"90.00"},{"v":540,"d":"540.00"}]
["AZUCAR CREMA","LIBRAS",80,29.42,{"v":2353.6000000000004,"d":"2,353.60"}]
["BACALAO","LIBRAS",7,{"v":285,"d":"285.00"},{"v":1995,"d":"1,995.00"}]
["CARNE POLLO","LIBRAS",16,{"v":90,"d":"90.00"},{"v":1440,"d":"1,440.00"}]
["CANELA","LIBRAS",1,{"v":210,"d":"210.00"},{"v":210,"d":"210.00"}]
["CEBOLLA","LIBRAS",45,{"v":58,"d":"58.00"},{"v":2610,"d":"2,610.00"}]
["CODITOS DE 1 LIB.","UNIDAD",3,{"v":40,"d":"40.00"},{"v":120,"d":"120.00"}]
["FIDEOS DE 1 LIB.","UNIDAD",25,{"v":40,"d":"40.00"},{"v":1000,"d":"1,000.00"}]
["GALLETA SODA","UNIDAD",640,7.29,{"v":4665.6,"d":"4,665.60"}]
["GELATINA","UNIDAD DE 3 OZ",5,{"v":30,"d":"30.00"},{"v":150,"d":"150.00"}]
["GUANDULES","LATAS DE 15 OZ ",8,{"v":90,"d":"90.00"},{"v":720,"d":"720.00"}]
["HABAS","LIBRAS",3,{"v":55,"d":"55.00"},{"v":165,"d":"165.00"}]
["HUEVOS","UNIDAD",220,6.83,{"v":1502.6,"d":"1,502.60"}]
["REPOLLO","UNIDAD",1,{"v":145,"d":"145.00"},{"v":145,"d":"145.00"}]
["JAMON MUSLO DE PAVO","LIBRAS",20,{"v":290,"d":"290.00"},{"v":5800,"d":"5,800.00"}]
["JUGO SANTAL","LITRO",36,{"v":20,"d":"20.00"},{"v":720,"d":"720.00"}]
["LECHE EN POLVO","LIBRAS",2,{"v":1105,"d":"1,105.00"},{"v":2210,"d":"2,210.00"}]
["LECHE RICA DESCREMADA","UNIDAD",10,{"v":85,"d":"85.00"},{"v":850,"d":"850.00"}]
["MAIZ DULCE ","LATAS DE 15 OZ ",4,{"v":75,"d":"75.00"},{"v":300,"d":"300.00"}]
["MARGARINA FLORA"," LIB.",9,{"v":96,"d":"96.00"},{"v":864,"d":"864.00"}]
["MAYONESA BALDON ","GALON",1,{"v":680,"d":"680.00"},{"v":680,"d":"680.00"}]
["OREGANO","Libra",1,{"v":130,"d":"130.00"},{"v":130,"d":"130.00"}]
["PAPAS","LIBRAS",18,{"v":45,"d":"45.00"},{"v":810,"d":"810.00"}]
["QUESO MOSARELA","LIBRAS",15,{"v":225,"d":"225.00"},{"v":3375,"d":"3,375.00"}]
["SAL MOLIDA","LIBRAS",6,8.47,{"v":50.82000000000001,"d":"50.82"}]
["SALAMI","LIBRAS",0,{"v":425,"d":"425.00"},{"v":0,"d":"0.00"}]
["VINAGRE","GALON",8,{"v":135,"d":"135.00"},{"v":1080,"d":"1,080.00"}]
["YOGOURT","GALON",2,{"v":340,"d":"340.00"},{"v":680,"d":"680.00"}]
["TOMATES","LIBRAS",10,{"v":75,"d":"75.00"},{"v":750,"d":"750.00"}]
["AJIES VERDE Y MORRON","LIBRAS",12,{"v":130,"d":"130.00"},{"v":1560,"d":"1,560.00"}]
["BERENJENA ","UNIDAD",0,{"v":38,"d":"38.00"},{"v":0,"d":"0.00"}]
["CILANTRICO","PAQUETES",2,{"v":120,"d":"120.00"},{"v":240,"d":"240.00"}]
["AUYAMA","LIBRAS",8,{"v":30,"d":"30.00"},{"v":240,"d":"240.00"}]
["PLATANO","UNIDAD",98,{"v":6,"d":"6.00"},{"v":588,"d":"588.00"}]
["ZANAHORIAS","LIBRAS",3,{"v":55,"d":"55.00"},{"v":165,"d":"165.00"}]
["VASOS PARA CAFÉ # 3","PAQUETES",3,46.67,140.01]
["VASOS  # 7","PAQUETES",130,{"v":45,"d":"45.00"},{"v":5850,"d":"5,850.00"}]
["VASOS  # 10","PAQUETES",48,{"v":84,"d":"84.00"},{"v":4032,"d":"4,032.00"}]
["VASOS Y TAPAS","UNIODAD",58,{"v":18,"d":"18.00"},{"v":168,"d":"168.00"}]
["PLATOS HIGIENICOS","PAQUETES",3,{"v":76,"d":"76.00"},{"v":228,"d":"228.00"}]
["FOSFOROS RELAMPAGO","CAJITAS",100,{"v":4.5,"d":"4.50"},{"v":450,"d":"450.00"}]
["SERVILLETAS PAQUETES","UNIDAD",11,{"v":90,"d":"90.00"},{"v":990,"d":"990.00"}]
["PAPEL PVC","UNIDAD",3,{"v":950,"d":"950.00"},{"v":2850,"d":"2,850.00"}]
["CAFÉ POR SOBRES","UNIDAD",90,{"v":32,"d":"32.00"},{"v":2880,"d":"2,880.00"}]
["CUCHARAS PLASTICAS","PAQUETES",80,{"v":28,"d":"28.00"},{"v":2240,"d":"2,240.00"}]
["PLATOS HONDO ","PAQUETES",1,{"v":65,"d":"65.00"},{"v":65,"d":"65.00"}]
["HABICHUELA ROJAS","LIBRAS",5,{"v":78,"d":"78.00"},{"v":390,"d":"390.00"}]
["HARINA DEL NEGRITO","CAJA",3,{"v":135,"d":"135.00"},{"v":405,"d":"405.00"}]
["HABICHUELAS NEGRAS","LIBRAS",12,{"v":55,"d":"55.00"},{"v":660,"d":"660.00"}]
["GUINEOS VERDES","UNIDAD",45,{"v":3,"d":"3.00"},{"v":135,"d":"135.00"}]
["COCOA","LIBRAS",5,{"v":175,"d":"175.00"},{"v":875,"d":"875.00"}]
["HABICHUELAS BLANCAS","LIBRAS",2,{"v":70,"d":"70.00"},{"v":140,"d":"140.00"}]
["CHULETA","LIBRAS",15,{"v":130,"d":"130.00"},{"v":1950,"d":"1,950.00"}]
["YUCA","LIBRAS",12,{"v":36,"d":"36.00"},{"v":432,"d":"432.00"}]
["MAIZENA ","UNIDAD",4,{"v":130,"d":"130.00"},{"v":520,"d":"520.00"}]
["ESPIRALES EN COLORES","UNIDAD ",3,{"v":40,"d":"40.00"},{"v":120,"d":"120.00"}]
["CUBIERTO","PAQUETES",78,35,{"v":2730,"d":"2,730.00"}]
["HABICHUELA NEGRA","LIBRA",2,{"v":70,"d":"70.00"},{"v":140,"d":"140.00"}]
[{"$nulls":4},{"$f":"SUM(E8:E70)","v":{"v":70471.63,"d":"70,471.63"}}]
[]
["DIRECTOR ","ENC DESPENSA ",null,"ADMINISTRADOR"]